Представление документа в формате RUSMARC

Поле Инд. ПП Название Значение
Тип записи a
Библиографический уровень a
001 Контрольный номер RU/REP/BASE/00004029
005 Дата корректировки 20180124142153.5
200 1_ a Заглавие Временные переводы мигрантов на другую работу
f Первые сведения об ответственности Потапова Н.Д.
210 1_ d Дата издания 2015
461 _0 1 001RU/REP/BASE/00010629
1 2001
a Закон и право
463 _1 1 20002
a №4.
v С. 72-74
1 2101
d 2015
610 0_ a Ключевые слова ТРУДОВОЕ ПРАВО РФ, ТРУДОВОЙ ДОГОВОР, ИНОСТРАННЫЕ ГРАЖДАНЕ
700 _1 a Фамилия Потапова
b Имя Н.Д.
901 t Тип документа b
w Контрольный № источника 2f186a2765974e26acb3dfd904574ae4